Consumer behavior / (Record no. 140326)

MARC details
000 -LEADER
fixed length control field 00878nam a2200289 a 4500
008 - FIXED-LENGTH DATA ELEMENTS--GENERAL INFORMATION
fixed length control field
020 ## - INTERNATIONAL STANDARD BOOK NUMBER
International Standard Book Number 0030984645 (hbk.)
049 ## - LOCAL HOLDINGS (OCLC)
Holding library MAIN
090 ## - LOCALLY ASSIGNED LC-TYPE CALL NUMBER (OCLC); LOCAL CALL NUMBER (RLIN)
Classification number (OCLC) (R) ; Classification number, CALL (RLIN) (NR) HF5415.13
Local cutter number (OCLC) ; Book number/undivided call number, CALL (RLIN) ENG
003 - CONTROL NUMBER IDENTIFIER
control field
005 - DATE AND TIME OF LATEST TRANSACTION
control field 20230123125352.0
040 ## - CATALOGING SOURCE
Transcribing agency NUST
100 1# - MAIN ENTRY--PERSONAL NAME
Personal name Engel, James F.
245 10 - TITLE STATEMENT
Title Consumer behavior /
Statement of responsibility, etc. James F. Engel, Paul W. Miniard and Roger D. Blackwell.
250 ## - EDITION STATEMENT
Edition statement 8th ed.
260 ## - PUBLICATION, DISTRIBUTION, ETC.
Place of publication, distribution, etc. Fort Worth :
Name of publisher, distributor, etc. Dryden Press,
Date of publication, distribution, etc. 1995.
300 ## - PHYSICAL DESCRIPTION
Extent xxii, 951 [41] p. :
Other physical details ill. ;
Dimensions 24 cm.
440 #4 - SERIES STATEMENT/ADDED ENTRY--TITLE
Title The Dryden Press series in marketing.
504 ## - BIBLIOGRAPHY, ETC. NOTE
Bibliography, etc. note Includes bibliographical references.
500 ## - GENERAL NOTE
General note Includes index.
650 #0 - SUBJECT ADDED ENTRY--TOPICAL TERM
Topical term or geographic name entry element Consumer behavior.
650 #0 - SUBJECT ADDED ENTRY--TOPICAL TERM
Topical term or geographic name entry element Marketing research.
700 ## - ADDED ENTRY--PERSONAL NAME
Personal name Miniard, PauL W.
700 1# - ADDED ENTRY--PERSONAL NAME
Personal name Blackwell, Roger D.
907 ## - LOCAL DATA ELEMENT G, LDG (RLIN)
a .b1029708x
b 15-12-11
c 24-05-11
942 ## - ADDED ENTRY ELEMENTS (KOHA)
Koha item type Ordinary Loan Books
Call number prefix HF5415.13
Call number suffix ENG
Holdings
Date last seen Total Checkouts Full call number Barcode Cost, replacement price Price effective from Koha item type Lost status Source of classification or shelving scheme Damaged status Not for loan Collection Withdrawn status Home library Current library Shelving location Date acquired Cost, normal purchase price
01/23/2023 1 HF5415.13 ENG 92004020554 80.00 01/23/2023 BOOKS   LCC     NFIC   MAIN MAIN GEN 01/23/2023 80.00